كتاب الموسيقى الشرقي / (Record no. 24965)
[ view plain ]
| 000 -LEADER | |
|---|---|
| fixed length control field | 01263nam a22003375a 4500 |
| 003 - CONTROL NUMBER IDENTIFIER | |
| control field | EG-ScBUE |
| 005 - DATE AND TIME OF LATEST TRANSACTION | |
| control field | 20221116051808.0 |
| 008 - FIXED-LENGTH DATA ELEMENTS--GENERAL INFORMATION | |
| fixed length control field | 170703s2000 ua go f 000 0dara d |
| 017 ## - COPYRIGHT OR LEGAL DEPOSIT NUMBER | |
| Copyright or legal deposit number | 1999 / 13970 |
| 020 ## - INTERNATIONAL STANDARD BOOK NUMBER | |
| International Standard Book Number | 9772082837 |
| 040 ## - CATALOGING SOURCE | |
| Original cataloging agency | EG-ScBUE |
| Language of cataloging | ara |
| Description conventions | rda |
| Transcribing agency | EG-ScBUE |
| Modifying agency | EG-ScBUE |
| 043 ## - GEOGRAPHIC AREA CODE | |
| Geographic area code | ma----- |
| 082 04 - DEWEY DECIMAL CLASSIFICATION NUMBER | |
| Classification number | 780.956 |
| Item number | خ ل ع |
| Edition number | 22 |
| 100 1# - MAIN ENTRY--PERSONAL NAME | |
| Personal name | خلعي، محمد كامل، |
| Relator term | مؤلف. |
| 245 10 - TITLE STATEMENT | |
| Title | كتاب الموسيقى الشرقي / |
| Statement of responsibility, etc | تأليف الموسيقار محمد كامل الخلعي. |
| 246 30 - VARYING FORM OF TITLE | |
| Title proper/short title | الموسيقى الشرقي |
| 250 ## - EDITION STATEMENT | |
| Edition statement | الطبعة الثانية. |
| 264 #1 - PUBLICATION, DISTRIBUTION, ETC. (IMPRINT) | |
| Place of publication, distribution, etc | القاهرة : |
| Name of publisher, distributor, etc | مكتبة مدبولي، |
| Date of publication, distribution, etc | 2000. |
| 300 ## - PHYSICAL DESCRIPTION | |
| Extent | 200 صفحة : |
| Other physical details | صور، نوتات موسيقية ؛ |
| Dimensions | 24 سم. |
| 490 0# - SERIES STATEMENT | |
| Series statement | صفحات من تاريخ مصر ؛ |
| Volume number/sequential designation | 46 |
| 500 ## - GENERAL NOTE | |
| General note | الطبعة الأولى عام 1927 م. |
| 650 #7 - SUBJECT ADDED ENTRY--TOPICAL TERM | |
| Topical term or geographic name as entry element | العرب |
| General subdivision | موسيقى. |
| Source of heading or term | BUEsh |
| 650 #7 - SUBJECT ADDED ENTRY--TOPICAL TERM | |
| Topical term or geographic name as entry element | الغناء |
| Geographic subdivision | البلاد العربية. |
| Source of heading or term | BUEsh |
| 650 #7 - SUBJECT ADDED ENTRY--TOPICAL TERM | |
| Topical term or geographic name as entry element | الموسيقى الشرقية. |
| Source of heading or term | BUEsh |
| 650 #7 - SUBJECT ADDED ENTRY--TOPICAL TERM | |
| Topical term or geographic name as entry element | الموسيقى العربية. |
| Source of heading or term | BUEsh |
| 650 #7 - SUBJECT ADDED ENTRY--TOPICAL TERM | |
| Topical term or geographic name as entry element | الموسيقيون العرب |
| Form subdivision | تراجم. |
| Source of heading or term | BUEsh |
| 651 ## - SUBJECT ADDED ENTRY--GEOGRAPHIC NAME | |
| Source of heading or term | BUEsh |
| 653 ## - INDEX TERM--UNCONTROLLED | |
| Resource For college | Generalities |
| Arrived date list | July2017 |
| 655 ## - INDEX TERM--GENRE/FORM | |
| Form subdivision | Reading book |
| 942 ## - ADDED ENTRY ELEMENTS (KOHA) | |
| Source of classification or shelving scheme | Dewey Decimal Classification |
| Koha item type | Book - Borrowing |
| Withdrawn status | Lost status | Source of classification or shelving scheme | Damaged status | Not for loan | Collection code | Home library | Current library | Shelving location | Date acquired | Source of acquisition | Serial Enumeration / chronology | Total Checkouts | Full call number | Barcode | Date last seen | Price effective from | Koha item type |
|---|---|---|---|---|---|---|---|---|---|---|---|---|---|---|---|---|---|
| Dewey Decimal Classification | Madboly | Central Library | Central Library | Second Floor | 03/07/2017 | Purchase | 04183 | 780.956 خ ل ع | 000046148 | 15/07/2025 | 03/07/2017 | Book - Borrowing |